Nicolo Paganini: His life and work. By Stephen S. Straton. Epígrafe tomado de Ariosto. With twenty seven illustrations
Сохранить в:
| Главный автор: | |
|---|---|
| Формат: | |
| Язык: | английский |
| Опубликовано: |
Londres
Charles Scribner's Sons
1907
|
| Редактирование: | 1a. ed |
| Серии: | Strad, 17
|
| Предметы: | |
| Метки: |
Добавить метку
Нет меток, Требуется 1-ая метка записи!
|
MARC
| LEADER | 00000nam a2200000 a 4500 | ||
|---|---|---|---|
| 001 | UCJ7289 | ||
| 003 | CL-VaPUC | ||
| 008 | 070124e19070000UK |||||||||||||||||eng|d | ||
| 082 | 0 | 4 | |a 780 |b STR |2 21 |
| 100 | 0 | |a Straton, Stephen S. |e author |9 515574 | |
| 245 | 1 | 0 | |a Nicolo Paganini: His life and work. By Stephen S. Straton. Epígrafe tomado de Ariosto. With twenty seven illustrations |
| 250 | |a 1a. ed | ||
| 300 | |a 205 p | ||
| 942 | |c BK | ||
| 945 | |d 20070124 00:00:00 |a rinostro | ||
| 260 | |a Londres |b Charles Scribner's Sons |c 1907 | ||
| 500 | |a Iconografía e ilustraciones sin indizar | ||
| 600 | 0 | 7 | |a PAGANINI, NICOLO |2 CL-VaPUC |9 515575 |
| 650 | 7 | |a BIOGRAFIA |2 CL-VaPUC |9 504622 | |
| 650 | 0 | |a Iconografía |9 267998 | |
| 650 | 0 | |a Ilustraciones |9 369481 | |
| 583 | |a last modification |c 20070124 00:00:00 |k Rodrigo Vera | ||
| 490 | 0 | |a Strad, 17 | |
| 999 | |c 323385 |d 323383 | ||
| 952 | |0 0 |1 0 |4 0 |6 780_000000000000000_STR_1907 |7 0 |8 X |9 402941 |a FDOBUD |b FDOBUD |d 2019-11-22 |i 1061054 |o 780 STR 1907 |p 1061054 |r 2019-11-22 |w 2019-11-22 |y BK_X |k BUD | ||